| 000 -LEADER |
| fixed length control field |
00478nam a22001577a 4500 |
| 005 - DATE AND TIME OF LATEST TRANSACTION |
| control field |
20230816143505.0 |
| 008 - FIXED-LENGTH DATA ELEMENTS--GENERAL INFORMATION |
| fixed length control field |
230810s1976 pl ||||| |||| 00| 0 Pau d |
| 041 ## - LANGUAGE CODE |
| Language code of text/sound track or separate title |
Pau |
| 080 ## - UNIVERSAL DECIMAL CLASSIFICATION NUMBER |
| Universal Decimal Classification number |
902/904 R-69 |
| 100 ## - MAIN ENTRY--PERSONAL NAME |
| Personal name |
RODZIEWICZ, Mieczyslaw. |
| 9 (RLIN) |
19660 |
| 245 ## - TITLE STATEMENT |
| Title |
Alexandrie. I. La céramique romaine tardive d'Alexandrie/ |
| Statement of responsibility, etc. |
Mieczyslaw RODZIEWICZ. |
| 264 ## - PRODUCTION, PUBLICATION, DISTRIBUTION, MANUFACTURE, AND COPYRIGHT NOTICE |
| Place of production, publication, distribution, manufacture |
Varsovie, |
| Date of production, publication, distribution, manufacture, or copyright notice |
1976. |
| 300 ## - PHYSICAL DESCRIPTION |
| Extent |
90 p.: |
| Other physical details |
ill.; |
| Dimensions |
30 cm. |
| 653 ## - INDEX TERM--UNCONTROLLED |
| keyword |
ალექსანდრია |
| 942 ## - ADDED ENTRY ELEMENTS (KOHA) |
| Source of classification or shelving scheme |
|
| Koha item type |
წიგნი |